| Поле | Название | Значение |
| |
Тип записи |
a |
| |
Библиографический уровень |
m |
| 001 |
Контрольный номер |
RuMoRGB-007829612 |
| 005 |
Дата корректировки |
20180510182202.0 |
| 010 |
Индекс ISBN |
__ |
| a |
ISBN |
978-5-699-73514-3 |
| d |
Цена |
203-50 |
| 021 |
№ государственной регистрации |
__ |
| b |
№ документа |
14-88558 |
| 100 |
Данные общей обработки |
__ |
| a |
Данные общей обработки |
19141127d2014 |||y0rusy0189 ca |
| 101 |
Язык документа |
__ |
| a |
Язык текста |
rus |
| 102 |
Страна публикации |
__ |
| a |
Страна публикации |
ru |
| 102 |
Страна публикации |
__ |
| a |
Страна публикации |
ru |
| 105 |
Кодированные данные (монография) |
__ |
| a |
Кодированные данные (монография) |
y zzzz000zy |
| 200 |
Заглавие и сведения об ответственности |
__ |
| a |
Заглавие |
Честный разговор с российским гинекологом |
| e |
Сведения, относящиеся к заглавию |
28 секретных глав для женщин : [почему нам ставят мнимые диагнозы, как лечить инфекции, молочницу, эрозию, миому, кисту, менопауза: как пройти комфортно и незаметно] |
| f |
Первые сведения об ответственности |
Дмитрий Лубнин |
| 210 |
Выходные данные |
__ |
| a |
Место издания |
Москва |
| c |
Издательство |
ЭКСМО |
| d |
Дата издания |
2014 |
| 215 |
Физическое описание |
__ |
| a |
Объем |
474, [2] с. |
| c |
Иллюстрации/тип воспроизводства |
ил., портр., табл. |
| 225 |
Серия (Журнальная рубрика) |
__ |
| a |
Серия (Журнальная рубрика) |
Гинеколог-практик Дмитрий Лубнин |
| 320 |
Библиография |
__ |
| a |
Библиография |
Список сокр.: с. 476 |
| 320 |
Библиография |
__ |
| a |
Библиография |
Предм. указ.: с. 473-475 |
| 330 |
Аннотация |
__ |
| a |
Аннотация |
Книга – путеводитель по всей современной гинекологии, изложенный не медицинским, а обычным русским языком. В ней откровенно, профессионально, без ханжества и нагнетания страхов рассказано все самое важное, что нужно знать каждой женщине с начала первой менструации и до менопаузы включительно. Книга написана врачом-гинекологом, кандидатом медицинских наук, чтобы женщины любого возраста понимали, где нормальное физиологическое состояние женского организма, а где отклонения и гинекологические заболевания, насколько они опасны, как их диагностируют и чем лечат. Книга не заменит посещения гинеколога, но позволит понять, что не все так страшно, как иной раз преподносится самими врачами. |
| 333 |
Примечание о целевом назначении |
__ |
| a |
Примечание о целевом назначении |
12+ |
| 606 |
Тематические рубрики |
__ |
| a |
Основная рубрика |
Здравоохранение. Медицинские науки |
| 606 |
Тематические рубрики |
__ |
| a |
Основная рубрика |
Акушерство и гинекология в целом |
| 610 |
Ключевые слова |
__ |
| a |
Ключевые слова |
аборты |
| a |
Ключевые слова |
аденомиоз |
| a |
Ключевые слова |
акушерство |
| a |
Ключевые слова |
беременность |
| a |
Ключевые слова |
бесплодие |
| a |
Ключевые слова |
внематочная беременность |
| a |
Ключевые слова |
гинекология |
| a |
Ключевые слова |
киста яичника |
| a |
Ключевые слова |
контрацепция |
| a |
Ключевые слова |
менопауза |
| a |
Ключевые слова |
менструация |
| a |
Ключевые слова |
миома матки |
| a |
Ключевые слова |
непроходимость маточных труб |
| a |
Ключевые слова |
оргазм |
| a |
Ключевые слова |
эндометриоз |
| a |
Ключевые слова |
эрозия шейки матки |
| 686 |
Индексы других классификаций |
__ |
| a |
Индекс ББК |
57.1 |
| 700 |
Автор |
_1 |
| a |
Фамилия |
Лубнин |
| b |
Имя |
Д. М. |
| g |
Полное личное имя |
Дмитрий Михайлович |
| 801 |
Источник записи |
_0 |
| a |
Страна |
ru |
| b |
Организация |
РГБ |
| c |
Дата составления |
20141127 |
| 801 |
Источник записи |
_1 |
| a |
Страна |
ru |
| b |
Организация |
РГБ |
| c |
Дата составления |
20141127 |
| 801 |
Источник записи |
_2 |
| a |
Страна |
ru |
| b |
Организация |
Центральная районная библиотека им. Г. А. Пирожникова |
| c |
Дата составления |
20141127 |
| 852 |
Данные о местонахождении |
__ |
| j |
Шифр хранения |
57.1 |
| i |
Авторский знак |
Л 82 |
| b |
Сигла хранения |
ООЧ-2; 8; 9; 10; 12; 14; 16; 17; 18; 19; 22; 24; 26; 29 |
| 901 |
Тип документа |
__ |
| t |
Тип документа |
m |
| 902 |
Роль лиц |
__ |
| a |
Создатель БЗ |
ОКиО/Болдырева |
| 990 |
Данные о заказе (DOS) |
__ |
| j |
Количество экземпляров (DOS) |
15 |
| h |
N записи в КСУ для Б/У (DOS) |
2015-8 |